Entry and Competition of Healthcare Providers in Slovakia: A Spatial Analysis
Od roku 1993 prešlo zdravotníctvo na Slovensku viacerými reformami, hlavne v dôsledku zmien vo vláde. Vzťah medzi veľkosťou trhu a počtom firiem na trhu pre viaceré profesie zdravotnej starostlivosti na Slovensku. Zdravotníctvo a jeho regulácia na Slovensku. Prehľad hlavných regulačných zmien v slov...
Salvato in:
| Autore principale: | |
|---|---|
| Altri autori: | |
| Natura: | Capitolo di libro |
| Lingua: | inglese |
| Soggetti: | |
| Tags: |
Nessun Tag, puoi essere il primo ad aggiungerne!!
|
MARC
| LEADER | 00000naa a2200000 4500 | ||
|---|---|---|---|
| 001 | 0286659 | ||
| 005 | 20240502074417.4 | ||
| 041 | 0 | |a eng | |
| 044 | |a SK | ||
| 245 | 1 | 0 | |a Entry and Competition of Healthcare Providers in Slovakia: A Spatial Analysis |c Martin Lábaj, Peter Mandžák |
| 520 | |a Od roku 1993 prešlo zdravotníctvo na Slovensku viacerými reformami, hlavne v dôsledku zmien vo vláde. Vzťah medzi veľkosťou trhu a počtom firiem na trhu pre viaceré profesie zdravotnej starostlivosti na Slovensku. Zdravotníctvo a jeho regulácia na Slovensku. Prehľad hlavných regulačných zmien v slovenskom zdravotníctve. Všeobecná ambulantná starostlivosť na Slovensku. Minimálna sieť poskytovateľov zdravotnej starostlivosti. Farmaceutický trh. Štruktúra trhu a priestorové rozloženie poskytovateľov zdravotnej starostlivosti na Slovensku. Modely vstupu pre poskytovateľov zdravotnej starostlivosti. | ||
| 610 | 2 | 0 | |a zdravotníctvo |
| 610 | 2 | 0 | |a starostlivosť zdravotná |
| 610 | 2 | 0 | |a farmakológia |
| 610 | 2 | 0 | |a konkurencia |
| 610 | 2 | 0 | |a analýzy |
| 610 | 2 | 0 | |a modely |
| 610 | 2 | 0 | |a Slovensko |
| 100 | 1 | |a Lábaj, Martin, 1982- | |
| 700 | 1 | |a Mandžák, Peter | |